The Politics of Educational Reform in Ghana : Understanding Structural Persistence in the Secondary School System (Record no. 329)
[ view plain ]
| 000 -LEADER | |
|---|---|
| fixed length control field | 00677nam a2200181Ia 4500 |
| 008 - FIXED-LENGTH DATA ELEMENTS--GENERAL INFORMATION | |
| fixed length control field | 240428s9999||||xx |||||||||||||| ||und|| |
| 020 ## - INTERNATIONAL STANDARD BOOK NUMBER | |
| International Standard Book Number | 9783319937601 |
| 041 ## - LANGUAGE CODE | |
| Language code of text/sound track or separate title | eng |
| 082 ## - DEWEY DECIMAL CLASSIFICATION NUMBER | |
| Classification number | 370 A |
| 100 ## - MAIN ENTRY--PERSONAL NAME | |
| Personal name | Aziabah, Maxwell A |
| 245 #4 - TITLE STATEMENT | |
| Title | The Politics of Educational Reform in Ghana : Understanding Structural Persistence in the Secondary School System |
| 250 ## - EDITION STATEMENT | |
| Edition statement | 1st ed. |
| 260 ## - PUBLICATION, DISTRIBUTION, ETC. | |
| Name of publisher, distributor, etc. | Springer |
| Place of publication, distribution, etc. | Gewebestrasse |
| Date of publication, distribution, etc. | 2018 |
| 300 ## - PHYSICAL DESCRIPTION | |
| Extent | xix, 165p. |
| 650 ## - SUBJECT ADDED ENTRY--TOPICAL TERM | |
| Topical term or geographic name entry element | Comparative education. - Education and state. - Educational policy. - Educational sociology. - Education-History. - International education. - International and Comparative Education. |
| 942 ## - ADDED ENTRY ELEMENTS (KOHA) | |
| Koha item type | Books |
| Withdrawn status | Lost status | Damaged status | Not for loan | Home library | Current library | Shelving location | Date acquired | Total checkouts | Full call number | Date last seen | Copy number | Price effective from | Koha item type |
|---|---|---|---|---|---|---|---|---|---|---|---|---|---|
| Main Library | Main Library | Open Shelves | 13/09/2021 | 370 A 1189 C. 1 - 370 A 1190 C. 2 | 29/04/2024 | 1 | 29/04/2024 | Books |